| 000 | 00835cam a2200253 i 4500 | ||
|---|---|---|---|
| 001 | 14384 | ||
| 003 | Mx-PuUPA | ||
| 005 | 20250722082515.0 | ||
| 008 | 140415s1994 mx gr 000 e spa d | ||
| 020 | _a9686683119 | ||
| 040 |
_aMx-PuUPA _bspa _cMx-PuUPA _dMx-PuUPA _erda |
||
| 041 | 0 | _aspa | |
| 100 | 1 |
_aGutiérrez Godínez, Fernando, _eautor _913016 |
|
| 245 | 1 | 3 |
_aLa conciencia : _b¿eclipse ó despertar? / _cFernando Gutiérrez Godínez |
| 264 | 1 |
_aPuebla, Puebla : _bUniversidad Popular Autónoma del Estado de Puebla, _c1994 |
|
| 300 |
_a195 páginas ; _c21 cm |
||
| 336 |
_2rdacontent _atexto _btxt |
||
| 337 |
_2rdamedia _asin medio _bn |
||
| 338 |
_2rdacarrier _avolumen _bnc |
||
| 650 | 7 |
_2armarc _aConciencia (Moral) |
|
| 942 |
_2ddc _h171.6 _iG983 _cLI |
||
| 999 |
_c14384 _d14384 |
||